Pabuji/ (Record no. 171886)

MARC details
000 -LEADER
fixed length control field 00526nam a2200193 4500
005 - DATE AND TIME OF LATEST TRANSACTION
control field 20200122173619.0
010 ## - LCCN (DPL NO)
LC control number ENG-127519
020 ## - INTERNATIONAL STANDARD BOOK NUMBER
Terms of availability 250.00
International Standard Book Number 9788187649830
035 ## - SYSTEM CONTROL NUMBER
System control number EN-111051
037 ## - SOURCE OF ACQUISITION
Source of stock number/acquisition DBAD/PUB
082 ## - DEWEY DECIMAL CLASSIFICATION NUMBER
Classification number 881
100 ## - MAIN ENTRY--PERSONAL NAME
Personal name Smith,John D
245 ## - TITLE STATEMENT
Title Pabuji/
Statement of responsibility, etc by John D Smith
260 ## - PUBLICATION, DISTRIBUTION, ETC. (IMPRINT)
Place of publication, distribution, etc New Delhi
Name of publisher, distributor, etc Katha
Date of publication, distribution, etc 2005
270 ## - ADDRESS
Address A-3 Sarvodaya Enclave Sri Aurobindo Marg
City New Delhi
Postal code 110017
300 ## - PHYSICAL DESCRIPTION
Extent 182p.
Dimensions 22cm(pbk)
700 ## - ADDED ENTRY--PERSONAL NAME
Personal name Schenk,Linda
942 ## - ADDED ENTRY ELEMENTS (KOHA)
Source of classification or shelving scheme Dewey Decimal Classification
Item type English Books
Classification part 881
Call number suffix SMI
Holdings
Withdrawn status Lost status Not for loan Collection code Home library Current library Date acquired Source of acquisition Cost, normal purchase price Full call number Barcode Copy number Cost, replacement price Koha item type
      Non-fiction Sarojini Nagar Sarojini Nagar 22/01/2020 DBAD/PUB 250.00 881 SMI EN-111051 1 250.00 English Books

© Delhi Public Library
Hit Counter
free hit counter